01427nam a2200325 a 4500001001200000003000800012006001900020007001500039008004100054010001700095020004700112020004400159040002100203035002100224050002800245082001800273100002900291245012400320260005500444300002400499490003100523504006600554533015200620630005500772650002800827655002900855710001700884830007400901856012600975ebr10286054CaPaEBRm u cr cn|||||||||080522s2008 gaua sb 001 0 eng  z 2008022527 z9781589833654 (paper binding : alk. paper) z1589833651 (paper binding : alk. paper) aCaPaEBRcCaPaEBR a(OCoLC)32467948514aBS1345.53b.S68 2008beb04a222/.63062221 aSparks, James T.,d1955-14aThe chronicler's genealogiesh[electronic resource] :btowards an understanding of 1 Chronicles 1-9 /cJames T. Sparks. aAtlanta :bSociety of Biblical Literature,cc2008. axvi, 385 p. :bill.1 aAcademia Biblica ;vno. 28 aIncludes bibliographical references (p. [369]-381) and index. aElectronic reproduction.bPalo Alto, Calif. :cebrary,d2013.nAvailable via World Wide Web.nAccess may be limited to ebrary affiliated libraries.00aBible.pO.T.pChronicles, 1st, I-IXvCommentaries. 0aGenealogy in the Bible. 7aElectronic books.2local2 aebrary, Inc. 0aAcademia Biblica (Series) (Society of Biblical Literature) ;vno. 28.40uhttp://site.ebrary.com/lib/rucke/Doc?id=10286054zAn electronic book accessible through the World Wide Web; click to view